| 000 -LEADER |
| fixed length control field |
00824nam a22001937a 4500 |
| 020 ## - INTERNATIONAL STANDARD BOOK NUMBER |
| ISBN |
9781350932524 (e-book) |
| 082 ## - DEWEY DECIMAL CLASSIFICATION NUMBER |
| Classification number |
320.3 |
| Item number |
M478 2022 |
| 100 ## - MAIN ENTRY--AUTHOR NAME |
| Personal name |
McCormick, John, author. |
| 245 ## - TITLE STATEMENT |
| Title |
Comparative government and politics : an introduction / John McCormick, Rod Hague, Martin Harrop. |
| 250 ## - EDITION STATEMENT |
| Edition statement |
12th edition. |
| 260 ## - PUBLICATION, DISTRIBUTION, ETC. (IMPRINT) |
| Place of publication |
London ; New York : |
| Name of publisher |
Bloomsbury Academic, |
| Year of publication |
©2022. |
| 300 ## - PHYSICAL DESCRIPTION |
| Number of Pages |
1 online resource, xxii, 489 pages : |
| Other physical details |
color illustrations. |
| 500 ## - GENERAL NOTE |
| General note |
Includes bibliographical references and index. |
| 520 ## - SUMMARY, ETC. |
| Summary, etc |
A comprehensive introduction to the field of comparative politics, covering the institutions, processes, and ideologies of different political systems across the world. |
| 650 ## - SUBJECT ADDED ENTRY--TOPICAL TERM |
| Topical Term |
Comparative government. |
| 700 ## - ADDED ENTRY--PERSONAL NAME |
| Personal name |
Hague, Rod. |
| 700 ## - ADDED ENTRY--PERSONAL NAME |
| Personal name |
Harrop Martin. |
| 942 ## - ADDED ENTRY ELEMENTS (KOHA) |
| Koha item type |
Electronic Books |